00725 2200205 4500001002100000005001500021035002000036008004100056245005900097100001400156250000600170260003800176300001200214084001400226082000800240650001000248520023700258990001200495990001200507INLIS00000000000097620240530094445 a0010-0524000211240530 1 ind 1 aSchoolaholic Princess 1; The Miracle Boys /cYunisa KD aYunisa KD a1 aYogyakarta :bSheila/ Andi,c2008 a182 hlm a813 YUN s a813 4aFiksi aNana adalah lulusan terbaik SMP Bintang Emas. Cantik, cerdas, kompak, dan fun, Nana disukai banyak orang. Cewek sakti berhasil menepis semua anggapan kuno tentang seorang juara umum pastilah kutu buku berkacamata tebal yang bulukan. a0741706 a0741707